Регионална библиотека "Любен Каравелов" - Русе

Вкусът на мечтите (Запис номер 204635)

MARC детайли
000 -Лидер
Контролно поле с фиксирана дължина 01306nam a2200325 a 4500
003 - Код на организацията, давaща контролен номер
Контролно поле BLK
005 - Дата и час на последна редакция
Контролно поле 20240108105511.0
008 - Елементи от данни с фиксирана дължина
fixed length control field 180411b bul|||||r ||||||| ||bul||
020 ## - Международен стандартен номер на книга ISBN
Международен стандартен номер на книга ISBN 9789543991914
040 ## - Източник на каталожния запис
Идентификатор на билиотеката - собственик на записа BLK
041 ## - Код за език
Код за езика на текст/звукозапис или на отделно заглавие Български
Код за езика КДБФ Български
080 ## - УДК
Текстов определител УДК Американска литература (на САЩ)
УДК код - определител по УДК 821.111(73)
УДК определител -31
УДК - код + определител 821.111(73)-31
100 1# - Редна дума - Автор
Автор Алън, Сара Адисън
Авторска отговорност първи автор
R(LIN) 281347
139 ## - Редно поле
Редна дума Алън, Сара Адисън
Авторски знак Алш - А 59
245 10 - Сведения за заглавието
Заглавие Вкусът на мечтите
Подзаглавни данни Роман
Редно поле (дума) Сара Адисън Алън ; прев. Весела Прошкова.
257 ## - Страна на издаване
Страна на създаване/издаване Съединени американски щати
260 ## - Област на издателските данни
Място на издаване, разпространение и проч. София
Име на издателя, разпространителя и проч. СББ Медиа
Година на издаване 2016
Печатница София : Ропринт
9 (RLIN) 219405
Информация за издателството Санома блясък България
Издателство - префикс ISBN 978-954-399-
300 ## - Физическа характеристика
Страници 184 с.
Размери/Мащаб 20 см
380 ## - Жанр
Жанр Худож. лит.
490 ## - СЕРИИ (Колекции)
Име на серия Световни бестселъри
№: серия 1
9 (RLIN) 207069
500 ## - Общи забележки
Забележка Ориг. загл.: The sugar queen / Sarah Addison Allen.
700 ## - Други автори (авторска отговорност)
Лично име Прошкова, Весела Богомилова
Дати, свързани с автора 1950-
9 (RLIN) 365223
852 ## - Местоположение
Форматна сигнатура Цб 288066
Фондова буква Хранилище
852 ## - Местоположение
Фондова буква Заемна - подръчен фонд
Систематично-азбучна сигнатура 821-31/А 59 С
856 4# - Електронен адрес и достъп
Електронен формат pdf - файл
Инструкция (цена за достъп) 0.00
Права за достъп disable
856 4# - Електронен адрес и достъп
Електронен формат pdf - файл
Инструкция (цена за достъп) 0.00
Права за достъп disable
999 ## - СИСТЕМНИ КОНТРОЛНИ НОМЕРА
Koha biblionumber 204635
Koha biblioitemnumber 204635
942 ## - АРТИКУЛИ
Вид на библиотечния материал Книги
Скрит в OPAC Не
Периодичен библиозапис Да
Koha issues (borrowed), all copies 2
944 ## - СЪЗДАВАНЕ И РЕДАКЦИЯ на ЗАПИСА
Създаване/Редакция Създаване
Дата на регистрацията/редакция 15.11.2017
Служител, извършил регистрацията/редакцията 30531
Статус, дата на статуса Цветелина Шанова
944 ## - СЪЗДАВАНЕ И РЕДАКЦИЯ на ЗАПИСА
Създаване/Редакция Редакция
Дата на регистрацията/редакция 2023-03-27
Служител, извършил регистрацията/редакцията Кети
Наличности
Код за отписване Код за изгубен артикул Код за повреда Коз за рестрикции Код за отдаване Артикулен № Име на библиотеката - собственик Име на библиотеката, в която се намира в момента Статус (Текущо местоположение) Дата на вписване в системата Местоположение - отдел Цена в лева Инвентарен номер Систематично азбучна сигнатура Баркод Номер на екземпляра Цена в евро Служебна бележка Служебен тип на артикула Източник на класификационната схема
  Не е изгубен Не е повреден без рестрикции ползва се в читалня 352730 Регионална библиотека "Любен Каравелов" Русе Регионална библиотека "Любен Каравелов" Русе Хранилище 2017-11-16 Хранилище 8.00 120000816841 Цб 288066 120000816841 1 4.09 Дост: Dp Вид: Д N: 41 Дата: 13.09.2017 Книги  
  Не е изгубен Не е повреден без рестрикции заемане за дома 925380 Регионална библиотека "Любен Каравелов" Русе Регионална библиотека "Любен Каравелов" Русе Заемна - подръчен фонд 2023-03-28 Заемна - подръчен фонд 10.00 120000884726 821-31/А 59 С 120000884726   5.11   Книги Universal Decimal Classification
Vip Innovations Ltd, Rousse, Bulgaria 2025